Statistics for Top 15 Countries with Covid-19 Deaths - 22 September 2021

Click here to take the quiz!

General Stats

  • This quiz has been taken 13 times
  • The average score is 13 of 25

Answer Stats

country% Correct
France
92%
Germany
92%
India
92%
Italy
92%
Mexico
92%
United States
92%
Brazil
77%
Russia
77%
United Kingdom
77%
Argentina
62%
Indonesia
62%
Iran
54%
South Africa
54%
Colombia
38%
Peru
38%
Belgium
31%
Czechia
23%
Hungary
23%
Slovakia
23%
Slovenia
23%
Georgia
15%
Paraguay
15%
Bosnia and
Herzegovina
8%
Bulgaria
8%
North Macedonia
8%

Score Distribution

Percentile by Number Answered

Percent of People with Each Score

Your Score History

You have not taken this quiz